[Event "Titled Tuesday intern op 15th Aug Late"]
[Site "Chess.com INT"]
[Date "2023.08.15"]
[Round "1"]
[White "Ramirez Medina, Victor"]
[Black "Vila Dupla, Aurelio"]
[Result "1-0"]
[WhiteElo "2301"]
[BlackElo "2030"]
[PlyCount "75"]
[EventDate "2023.08.15"]
[EventType "swiss (blitz)"]
[EventRounds "11"]
[EventCountry "USA"]
[SourceTitle "EXT 2024"]
[Source "ChessBase"]
[SourceDate "2023.10.10"]
[SourceVersion "1"]
[SourceVersionDate "2023.10.10"]
[SourceQuality "1"]

1. d4 Nf6 2. Bg5 e6 3. e4 h6 4. Bxf6 Qxf6 5. Nc3 Bb4 6. Qd3 c5 7. e5 Qf4 8. Nge2 Qg5 9. f4 Qg6 10. Qxg6 fxg6 11. 0-0-0 cxd4 12. Nb5 Ba5 13. Nd6+ Ke7 14. Nxd4 Nc6 15. Nxc6+ bxc6 16. Bd3 g5 17. fxg5 hxg5 18. Rdf1 Bb6 19. Rf7+ Kd8 20. Rxg7 Kc7 21. Nf7 Rh5 22. Kd2 a5 23. Rxg5 Rh7 24. Nd6 Bd4 25. Ne8+ Kb6 26. Nf6 Rf7 27. Rf1 Ka7 28. c3 Bc5 29. Ne4 Rxf1 30. Bxf1 Be7 31. Rg7 Bf8 32. Rf7 Bh6+ 33. Kc2 Kb7 34. g4 Be3 35. g5 Kc7 36. g6 Ba6 37. Bxa6 Rxa6 38. g7 1-0

[Event "Titled Tuesday intern op 15th Aug Late"]
[Site "Chess.com INT"]
[Date "2023.08.15"]
[Round "8"]
[White "Shapiro, Daniel E"]
[Black "Ramirez Medina, Victor"]
[Result "0-1"]
[WhiteElo "2284"]
[BlackElo "2301"]
[PlyCount "36"]
[EventDate "2023.08.15"]
[EventType "swiss (blitz)"]
[EventRounds "11"]
[EventCountry "USA"]
[SourceTitle "EXT 2024"]
[Source "ChessBase"]
[SourceDate "2023.10.10"]
[SourceVersion "1"]
[SourceVersionDate "2023.10.10"]
[SourceQuality "1"]

1. d4 d5 2. c4 e6 3. Nf3 Nf6 4. g3 Be7 5. Bg2 0-0 6. 0-0 dxc4 7. Ne5 Qd6 8. Nxc4 Qa6 9. Qc2 Nc6 10. Rd1 Rd8 11. e3 e5 12. Nxe5 Nxe5 13. dxe5 Bf5 14. Rxd8+ Rxd8 15. Qb3 Qe2 16. Nd2 Ng4 17. Qc4 Qxf2+ 18. Kh1 Nxe3 0-1

[Event "La Palma Island op"]
[Site "Santa Cruz de La Palma"]
[Date "2019.08.15"]
[Round "8"]
[White "Ramirez Medina, Victor"]
[Black "Barbot, Pierre"]
[Result "1/2-1/2"]
[WhiteElo "2288"]
[BlackElo "2441"]
[PlyCount "101"]
[EventDate "2019.08.09"]
[EventType "swiss"]
[EventRounds "10"]
[EventCountry "ESP"]
[SourceTitle "CBM 191 Extra"]
[Source "ChessBase"]
[SourceDate "2019.09.30"]
[SourceVersion "1"]
[SourceVersionDate "2019.09.30"]
[SourceQuality "1"]

1. Nf3 Nf6 2. c4 e6 3. g3 d5 4. d4 Bb4+ 5. Bd2 Be7 6. Bg2 c6 7. Qc2 0-0 8. 0-0 Nbd7 9. Rd1 Ne4 10. b3 Nxd2 11. Nbxd2 b6 12. e4 Bb7 13. Qb2 a5 14. a3 Qb8 15. Rab1 Rd8 16. Re1 Bf8 17. b4 axb4 18. axb4 dxc4 19. Nxc4 Ra4 20. Qc3 Qa7 21. e5 c5 22. dxc5 bxc5 23. b5 Rb4 24. Red1 Nb6 25. Nd6 Nd5 26. Qc2 Bxd6 27. exd6 h6 28. Ne5 Rxb1 29. Rxb1 Nb4 30. Rxb4 cxb4 31. Qc7 Rf8 32. d7 Qa1+ 33. Bf1 Bd5 34. d8Q Rxd8 35. Qxd8+ Kh7 36. Nd3 b3 37. Qc7 f5 38. f3 b2 39. Nxb2 Qxb2 40. Qf4 Qc3 41. Kf2 g5 42. Qe3 Qb2+ 43. Qe2 Qd4+ 44. Qe3 Qb2+ 45. Qe2 Qb4 46. Qd3 Kg7 47. Be2 Kf6 48. Qe3 f4 49. Qb6 Qc3 50. Kg1 Qe1+ 51. Bf1 1/2-1/2

[Event "La Palma Island op"]
[Site "Santa Cruz de La Palma"]
[Date "2019.08.12"]
[Round "5"]
[White "Alvarado Diaz, Alejandro"]
[Black "Ramirez Medina, Victor"]
[Result "1/2-1/2"]
[WhiteElo "2394"]
[BlackElo "2288"]
[PlyCount "23"]
[EventDate "2019.08.09"]
[EventType "swiss"]
[EventRounds "10"]
[EventCountry "ESP"]
[SourceTitle "CBM 191 Extra"]
[Source "ChessBase"]
[SourceDate "2019.09.30"]
[SourceVersion "1"]
[SourceVersionDate "2019.09.30"]
[SourceQuality "1"]

1. Nf3 c5 2. c3 Nf6 3. d4 cxd4 4. cxd4 d5 5. Nc3 Nc6 6. Bf4 Bf5 7. e3 e6 8. Bd3 Bxd3 9. Qxd3 Bd6 10. Bg3 0-0 11. 0-0 a6 12. Rac1 1/2-1/2

[Event "Lanzarote op"]
[Site "Lanzarote"]
[Date "2019.06.26"]
[Round "4"]
[White "Maksimenko, Andrei"]
[Black "Ramirez Medina, Victor"]
[Result "1-0"]
[WhiteElo "2461"]
[BlackElo "2246"]
[PlyCount "45"]
[EventDate "2019.06.24"]
[EventType "swiss"]
[EventRounds "9"]
[EventCountry "ESP"]
[SourceTitle "CBM 191 Extra"]
[Source "ChessBase"]
[SourceDate "2019.09.30"]
[SourceVersion "1"]
[SourceVersionDate "2019.09.30"]
[SourceQuality "1"]

1. d4 Nf6 2. c4 e6 3. Nf3 d5 4. g3 dxc4 5. Qa4+ c6 6. Qxc4 b5 7. Qd3 Bb7 8. Bg2 Nbd7 9. 0-0 Be7 10. Nc3 b4 11. Ne4 0-0 12. Nxf6+ Bxf6 13. Bf4 a5 14. Rac1 Rc8 15. Rfd1 Re8 16. Qe3 Qb6 17. Bg5 Bxg5 18. Nxg5 e5 19. Qb3 Re7 20. d5 cxd5 21. Rxc8+ Bxc8 22. Qc2 Re8 23. Bxd5 1-0

[Event "Lanzarote op"]
[Site "Lanzarote"]
[Date "2019.06.25"]
[Round "2"]
[White "Abreu Suarez, Isauro"]
[Black "Ramirez Medina, Victor"]
[Result "0-1"]
[WhiteElo "1958"]
[BlackElo "2246"]
[PlyCount "63"]
[EventDate "2019.06.24"]
[EventType "swiss"]
[EventRounds "9"]
[EventCountry "ESP"]
[SourceTitle "CBM 191 Extra"]
[Source "ChessBase"]
[SourceDate "2019.09.30"]
[SourceVersion "1"]
[SourceVersionDate "2019.09.30"]
[SourceQuality "1"]

1. Nc3 c5 2. Nf3 d5 3. e4 d4 4. Ne2 Nc6 5. Ng3 g6 6. Bb5 Bd7 7. 0-0 Bg7 8. d3 e5 9. c3 Nge7 10. cxd4 cxd4 11. a3 0-0 12. Bc4 a5 13. Bd2 a4 14. Rc1 Qb6 15. Rc2 h6 16. h4 Bg4 17. Qc1 Kh7 18. Nh2 Be6 19. Bxe6 fxe6 20. Nf3 Qb3 21. Rd1 Rac8 22. h5 g5 23. Ne1 Ng8 24. Qb1 Nf6 25. f3 Rf7 26. Rcc1 Rg8 27. Rc4 g4 28. Kh2 Bf8 29. Qc2 Qb6 30. f4 Qd8 31. f5 Nxh5 32. fxe6 0-1

[Event "Canarias-chT"]
[Site "Vecindario"]
[Date "2019.06.15"]
[Round "5.3"]
[White "Hernandez Leon, Sergio"]
[Black "Ramirez Medina, Victor"]
[Result "1/2-1/2"]
[WhiteElo "2093"]
[BlackElo "2246"]
[PlyCount "91"]
[EventDate "2019.06.13"]
[EventType "team-swiss"]
[EventRounds "6"]
[EventCountry "ESP"]
[SourceTitle "EXT 2020"]
[Source "ChessBase"]
[SourceDate "2019.10.17"]
[SourceVersion "1"]
[SourceVersionDate "2019.10.17"]
[SourceQuality "1"]
[WhiteTeam "Ebano Barrio Nuevo"]
[BlackTeam "Hotel Avda de Canarias"]
[WhiteTeamCountry "ESP"]
[BlackTeamCountry "ESP"]

1. e4 c5 2. Nc3 d6 3. f4 Nc6 4. Nf3 g6 5. Bb5 Bd7 6. 0-0 Bg7 7. d3 e6 8. Bxc6 Bxc6 9. f5 gxf5 10. exf5 e5 11. Ne4 Qd7 12. Qe1 0-0-0 13. Qg3 Bh6 14. Bxh6 Nxh6 15. Qg5 Nxf5 16. Nxe5 dxe5 17. Qxf5 Rhg8 18. Qxe5 c4 19. Rf2 Rg6 20. Nc5 Qh3 21. Ne4 cxd3 22. Ng3 Qe6 23. Qxe6+ fxe6 24. cxd3 Rxd3 25. Re1 Kc7 26. Nh5 Rd6 27. Nf4 Rh6 28. Rfe2 Kd7 29. g3 Bf3 30. Re3 Bd5 31. Nd3 Ke7 32. Rc1 Bxa2 33. Nb4 Bd5 34. Rc7+ Kd8 35. Nxd5 exd5 36. Rxb7 Rd7 37. Reb3 Rhd6 38. Kf2 Ke7 39. Rxd7+ Rxd7 40. Ke3 Kd6 41. Kd4 Re7 42. Ra3 Re4+ 43. Kd3 Re7 44. Kd4 Re4+ 45. Kd3 Re7 46. Kd4 1/2-1/2

[Event "Canarias-chT"]
[Site "Vecindario"]
[Date "2019.06.14"]
[Round "3.2"]
[White "Ramirez Medina, Victor"]
[Black "Guillermo Gonzalez, Alvaro"]
[Result "1-0"]
[WhiteElo "2246"]
[BlackElo "2023"]
[PlyCount "67"]
[EventDate "2019.06.13"]
[EventType "team-swiss"]
[EventRounds "6"]
[EventCountry "ESP"]
[SourceTitle "EXT 2020"]
[Source "ChessBase"]
[SourceDate "2019.10.17"]
[SourceVersion "1"]
[SourceVersionDate "2019.10.17"]
[SourceQuality "1"]
[WhiteTeam "Hotel Avda de Canarias"]
[BlackTeam "CajaCanarias"]
[WhiteTeamCountry "ESP"]
[BlackTeamCountry "ESP"]

1. d4 Nf6 2. c4 g6 3. Nf3 Bg7 4. g3 0-0 5. Bg2 d6 6. 0-0 c5 7. Nc3 Nc6 8. dxc5 dxc5 9. Be3 Be6 10. Bxc5 Nd7 11. Be3 Bxc4 12. Qa4 Be6 13. Rfd1 Qc8 14. Rac1 Nb6 15. Qh4 f6 16. Nd4 Bd7 17. Nxc6 Bxc6 18. Bxb6 axb6 19. Nd5 Qe6 20. Nc7 Qxa2 21. Nxa8 Rxa8 22. Bxc6 bxc6 23. Rxc6 Qxb2 24. Qc4+ Kf8 25. Qe6 f5 26. Rxb6 Qf6 27. Qb3 Qe5 28. Re6 Qc5 29. Rd7 Re8 30. h4 Qc3 31. Qd5 Bf6 32. e4 f4 33. e5 Qe1+ 34. Kg2 1-0

[Event "Las Palmas Montalvo Memorial 12th"]
[Site "Las Palmas"]
[Date "2019.04.20"]
[Round "9"]
[White "Ramirez Medina, Victor"]
[Black "Barbot, Pierre"]
[Result "0-1"]
[WhiteElo "2230"]
[BlackElo "2440"]
[PlyCount "120"]
[EventDate "2019.04.13"]
[EventType "swiss"]
[EventRounds "9"]
[EventCountry "ESP"]
[SourceTitle "CBM 189 Extra"]
[Source "ChessBase"]
[SourceDate "2019.06.03"]
[SourceVersion "1"]
[SourceVersionDate "2019.06.03"]
[SourceQuality "1"]

1. e4 e5 2. Nf3 Nc6 3. Bb5 a6 4. Ba4 g6 5. c3 Bg7 6. 0-0 Nge7 7. d4 exd4 8. cxd4 b5 9. Bb3 0-0 10. Nc3 d6 11. h3 Na5 12. Bc2 c5 13. Bg5 h6 14. Bh4 Nac6 15. d5 Nd4 16. Nxd4 Bxd4 17. Qd2 g5 18. Bg3 Ng6 19. Rae1 b4 20. Nd1 Qf6 21. Kh1 Nf4 22. Ba4 Ra7 23. f3 Be5 24. Bh2 Qg7 25. Rf2 f5 26. Ne3 fxe4 27. fxe4 Bd4 28. Ref1 Raf7 29. Bd1 Qg6 30. Bc2 Qg7 31. b3 Bd7 32. Rf3 Bxe3 33. Qxe3 Qe5 34. Qd2 Bb5 35. Re1 a5 36. Bd1 Bd7 37. Bc2 Rf6 38. Ref1 Bb5 39. Re1 Qe7 40. e5 dxe5 41. Rfe3 Re8 42. Be4 Qd6 43. Rd1 c4 44. bxc4 Bxc4 45. Qc2 Rc8 46. Rde1 Rc7 47. Qa4 Rc5 48. Bf3 Bxd5 49. Rxe5 Bxf3 50. Re8+ Rf8 51. Rxf8+ Qxf8 52. Re8 Rc1+ 53. Bg1 Bxg2+ 54. Kh2 Bc6 55. Qb3+ Bd5 56. Rxf8+ Kxf8 57. Qb2 Rc3 58. Bc5+ Kf7 59. Qd2 Rxh3+ 60. Kg1 Rh1+ 0-1

[Event "Las Palmas Montalvo Memorial 12th"]
[Site "Las Palmas"]
[Date "2019.04.18"]
[Round "7"]
[White "Ramirez Medina, Victor"]
[Black "Guillermo Gonzalez, Alvaro"]
[Result "1-0"]
[WhiteElo "2230"]
[BlackElo "1995"]
[PlyCount "61"]
[EventDate "2019.04.13"]
[EventType "swiss"]
[EventRounds "9"]
[EventCountry "ESP"]
[SourceTitle "CBM 189 Extra"]
[Source "ChessBase"]
[SourceDate "2019.06.03"]
[SourceVersion "1"]
[SourceVersionDate "2019.06.03"]
[SourceQuality "1"]

1. e4 c5 2. Nf3 d6 3. d4 cxd4 4. Nxd4 Nf6 5. Nc3 a6 6. h3 e6 7. g4 Be7 8. Bg2 Qc7 9. 0-0 Nc6 10. g5 Nd7 11. Nce2 0-0 12. a4 Re8 13. Be3 Nde5 14. b3 Bd7 15. c4 Nxd4 16. Nxd4 Nc6 17. Qd2 Nxd4 18. Bxd4 b5 19. cxb5 axb5 20. a5 b4 21. Rfc1 Qb7 22. Bb6 Bc6 23. Qxb4 Bxg5 24. Rc2 Rec8 25. Qxd6 Bxe4 26. a6 Qd5 27. Rxc8+ Rxc8 28. Qxd5 exd5 29. Bxe4 dxe4 30. a7 Ra8 31. Bc5 1-0

[Event "Las Palmas Montalvo Memorial 12th"]
[Site "Las Palmas"]
[Date "2019.04.17"]
[Round "6"]
[White "Ulybin, Mikhail"]
[Black "Ramirez Medina, Victor"]
[Result "1-0"]
[WhiteElo "2475"]
[BlackElo "2230"]
[PlyCount "49"]
[EventDate "2019.04.13"]
[EventType "swiss"]
[EventRounds "9"]
[EventCountry "ESP"]
[SourceTitle "CBM 189 Extra"]
[Source "ChessBase"]
[SourceDate "2019.06.03"]
[SourceVersion "1"]
[SourceVersionDate "2019.06.03"]
[SourceQuality "1"]

1. d4 Nf6 2. c4 e6 3. Nc3 Bb4 4. f3 0-0 5. a3 Bxc3+ 6. bxc3 Nh5 7. Nh3 f5 8. e4 d6 9. Bg5 Nf6 10. exf5 exf5 11. Bd3 h6 12. Bxf6 Qxf6 13. Nf4 Nc6 14. 0-0 Ne7 15. Re1 g5 16. Nh5 Qf7 17. f4 Bd7 18. fxg5 hxg5 19. Ra2 Rae8 20. Rf2 f4 21. h4 g4 22. Nxf4 Qg7 23. Nh5 Qh6 24. Rxf8+ Kxf8 25. Rf1+ 1-0

[Event "San Cristobal de La Laguna op 1st"]
[Site "San Cristobal de La Laguna"]
[Date "2018.09.06"]
[Round "8"]
[White "Mendez Acosta, Alexander Jesus"]
[Black "Ramirez Medina, Victor"]
[Result "0-1"]
[WhiteElo "2002"]
[BlackElo "2251"]
[PlyCount "69"]
[EventDate "2018.08.31"]
[EventType "swiss"]
[EventRounds "9"]
[EventCountry "ESP"]
[SourceTitle "CBM 186 Extra"]
[Source "ChessBase"]
[SourceDate "2018.08.24"]
[SourceVersion "1"]
[SourceVersionDate "2018.08.24"]
[SourceQuality "1"]

1. c4 c5 2. Nc3 Nc6 3. g3 g6 4. Bg2 Bg7 5. e3 e5 6. Nge2 Nge7 7. 0-0 0-0 8. a3 d6 9. Rb1 a5 10. b3 Rb8 11. Nb5 d5 12. d4 exd4 13. exd4 Bf5 14. Rb2 dxc4 15. d5 Ne5 16. bxc4 Nxc4 17. Rb3 Qd7 18. Nec3 Ne5 19. d6 N7c6 20. Nd5 Kh8 21. Bg5 f6 22. Be3 b6 23. Nf4 Rfd8 24. Re1 Nc4 25. Nd3 a4 26. Rb1 Nxd6 27. Nxc5 bxc5 28. Bxc6 Qxc6 29. Nxd6 Rxb1 30. Nf7+ Kg8 31. Qxd8+ Bf8 32. Rxb1 Bxb1 33. Bh6 Qd6 34. Qa8 Bf5 35. h4 0-1

[Event "Canarias-chT"]
[Site "Vecindario"]
[Date "2018.06.02"]
[Round "5.3"]
[White "Ramirez Medina, Victor"]
[Black "Ramos Aguilar, Jose Manuel"]
[Result "1-0"]
[WhiteElo "2223"]
[BlackElo "2112"]
[PlyCount "83"]
[EventDate "2018.05.31"]
[EventType "team-swiss"]
[EventRounds "6"]
[EventCountry "ESP"]
[SourceTitle "EXT 2019"]
[Source "ChessBase"]
[SourceDate "2018.10.10"]
[SourceVersion "1"]
[SourceVersionDate "2018.10.10"]
[SourceQuality "1"]
[WhiteTeam "Hotel Avda de Canarias"]
[BlackTeam "Ebano Casa Venezuela"]
[WhiteTeamCountry "ESP"]
[BlackTeamCountry "ESP"]

1. e4 d6 2. d4 Nf6 3. Nc3 e5 4. Nf3 Nbd7 5. Bc4 Be7 6. 0-0 0-0 7. Re1 a6 8. a4 b6 9. b3 Bb7 10. Ba3 c6 11. d5 c5 12. Bf1 Kh8 13. Nb1 Ng8 14. Nbd2 g6 15. b4 f5 16. a5 cxb4 17. Bxb4 Nc5 18. c4 Nxe4 19. Nxe4 fxe4 20. Rxe4 bxa5 21. Bxa5 Qd7 22. Bc3 Nf6 23. Re1 Rac8 24. Qd2 Nh5 25. Rxe5 Bf6 26. Re6 Bg7 27. Rae1 Rce8 28. Ng5 Kg8 29. Qe3 Bxc3 30. Qxc3 Ng7 31. Rxe8 Rxe8 32. Rxe8+ Nxe8 33. h4 Qe7 34. g3 Bc8 35. Qd4 Bf5 36. Qb6 h6 37. Nf3 Nc7 38. Nd4 Bg4 39. Nc6 Qf7 40. Qb8+ Kh7 41. Qd8 Ne8 42. Ne7 1-0

[Event "Gran Canaria Galdos op 3rd"]
[Site "Gran Canaria"]
[Date "2018.04.18"]
[Round "1"]
[White "Macias Reyes, Jose Luis"]
[Black "Ramirez Medina, Victor"]
[Result "0-1"]
[WhiteElo "1552"]
[BlackElo "2220"]
[PlyCount "60"]
[EventDate "2018.04.18"]
[EventType "swiss"]
[EventRounds "5"]
[EventCountry "ESP"]
[SourceTitle "EXT 2024"]
[Source "ChessBase"]
[SourceDate "2023.10.10"]
[SourceVersion "1"]
[SourceVersionDate "2023.10.10"]
[SourceQuality "1"]

1. d4 Nf6 2. Bf4 d5 3. e3 c5 4. c3 Nc6 5. Nd2 e6 6. Ngf3 Bd6 7. Ne5 Bxe5 8. Bxe5 Nxe5 9. dxe5 Nd7 10. f4 0-0 11. g3 f6 12. exf6 Nxf6 13. Bg2 e5 14. 0-0 Qe7 15. c4 Bg4 16. Qb3 d4 17. fxe5 Qxe5 18. Nf3 Qh5 19. exd4 cxd4 20. Rad1 Rad8 21. Kh1 Ne4 22. Kg1 Nc5 23. Qa3 d3 24. Rd2 b6 25. Ne1 Qe5 26. Rxf8+ Rxf8 27. Nxd3 Nxd3 28. Qxd3 Qe1+ 29. Bf1 Rxf1+ 30. Kg2 Rg1# 0-1

[Event "Lorca op 6th"]
[Site "Lorca"]
[Date "2017.12.30"]
[Round "9"]
[White "Ramirez Medina, Victor"]
[Black "Liu, Guanchu"]
[Result "1/2-1/2"]
[WhiteElo "2222"]
[BlackElo "2462"]
[PlyCount "60"]
[EventDate "2017.12.26"]
[EventType "swiss"]
[EventRounds "9"]
[EventCountry "ESP"]
[SourceTitle "CBM 182 Extra"]
[Source "ChessBase"]
[SourceDate "2018.02.23"]
[SourceVersion "1"]
[SourceVersionDate "2018.02.23"]
[SourceQuality "1"]

1. e4 e6 2. d4 d5 3. Nd2 Be7 4. Bd3 c5 5. dxc5 Nf6 6. Ngf3 0-0 7. 0-0 a5 8. c3 Na6 9. e5 Nd7 10. Re1 Naxc5 11. Bc2 b5 12. Nf1 b4 13. Bd2 Rb8 14. Ng3 Ba6 15. cxb4 axb4 16. Be3 f5 17. exf6 Bxf6 18. Bd4 Bxd4 19. Qxd4 Qf6 20. Rac1 Qxd4 21. Nxd4 Rb6 22. Nf3 h6 23. Rcd1 b3 24. axb3 Rf4 25. Rd4 Rxd4 26. Nxd4 e5 27. Nf3 Nxb3 28. Bf5 Nbc5 29. Nxe5 Nxe5 30. Rxe5 Bc4 1/2-1/2

[Event "ESP-ch 82nd"]
[Site "Las Palmas"]
[Date "2017.10.06"]
[Round "8"]
[White "Martin Duque, Jesus"]
[Black "Ramirez Medina, Victor"]
[Result "1-0"]
[WhiteElo "2387"]
[BlackElo "2228"]
[PlyCount "105"]
[EventDate "2017.09.29"]
[EventType "swiss"]
[EventRounds "9"]
[EventCountry "ESP"]
[SourceTitle "CBM 181 Extra"]
[Source "ChessBase"]
[SourceDate "2017.12.12"]
[SourceVersion "1"]
[SourceVersionDate "2017.12.12"]
[SourceQuality "1"]

1. e4 c5 2. Nf3 d6 3. d4 cxd4 4. Nxd4 Nf6 5. Nc3 a6 6. Be2 e5 7. Nf3 Be7 8. Bg5 Nbd7 9. a4 0-0 10. 0-0 Qc7 11. Nd2 b6 12. Nc4 Bb7 13. Ne3 Rfc8 14. Bc4 Bf8 15. Qf3 Rab8 16. Bb3 b5 17. axb5 axb5 18. Rfd1 b4 19. Ncd5 Nxd5 20. Bxd5 Bxd5 21. Nxd5 Qb7 22. Be3 Ra8 23. Rxa8 Rxa8 24. h4 Ra2 25. Rb1 Nc5 26. Bxc5 dxc5 27. Qf5 Qb8 28. h5 h6 29. Ne3 b3 30. c4 Bd6 31. Qg4 Bf8 32. Qf5 Bd6 33. Kh2 Bf8 34. g3 Qe8 35. Kg2 Qb8 36. Nd5 Bd6 37. Qf3 Ra7 38. Rd1 Bf8 39. Rd3 Rb7 40. Qd1 Qe8 41. Ne3 Qc6 42. Rd5 f6 43. Qg4 Qe8 44. Nf5 Kh7 45. Nh4 Rb8 46. Qd1 Qe6 47. Ng6 Be7 48. Qd3 Kg8 49. Rd7 Bf8 50. Nh4 Rb4 51. Rd8 Rxc4 52. Ng6 Rd4 53. Rxf8+ 1-0